000 01690nam a2200253Ia 4500
003 Ost
005 20260507075447.0
008 260507s9999||||xx |||||||||||||| ||und||
020 _a53342499579
040 _cfsecg
041 _aara
082 _a510
100 _aدار سلامة، خلود علي
_eمؤلف
245 0 _aالرياضيات الحديثة :
_bالمتتاليات،الدوال المتسامية،حل المعادلات الخطية،التكاملات الثنائية /
_c خلود علي دار سلامة
260 _aعمان:
_bدار صفاء,
_c2007
300 _a240 صفحة؛
_c24 سم
504 _aبيبليوغرافيا ص.237
520 _aمنذ القدم والرياضيات تعرف بأم العلوم وأطلقوا عليها أسماء كثيرة مثل ملكة العلوم وقيصرة العلوم إلى آخره من الأسماءالتي تبرز دور الرياضيات وأهميتها وأنطلاقا من الأهمية البالغة لهذا العلم الذي يدخل في جميع مناحي الحياة وإن هذه المادة هي متتطلب أجباري لمعظم التخصصات في الجامعات والكليات فقد ضم هذا الكتاب في طياته فصو رئيسية تناولت المواضيع التالية :مقدمة ، المتجهات العدديات ، الاحداثيات ، المنحنيات والمعادلات ، التكامل العددي ، الأعداد ، قوانين مثلثية
653 _aدوال متسامية
653 _aرياضيات حديثة
653 _aمتتاليات
653 _aمعادلات خطية
942 _cكتاب
999 _c44595
_d44595